000 01021cam a2200277 a 4500
999 _c6662
_d6662
001 3413644
003 OSt
005 20200224113542.0
008 900507s1990 enka b 001 0 eng
010 _a 90002046
020 _a0408028408 :
_c£17.50
040 _aDLC
_cDLC
_dDLC
082 0 0 _a620.1
_220
_bELE 1990
245 0 0 _aElectronic materials /
_cedited by Nicholas Braithwaite and Graham Weaver.
260 _aMilton Keynes, England :
_bOpen University ;
_aLondon ;
_aBoston :
_bButterworth,
_c1990.
300 _a336 p. :
_bcol.ill ;
_c25 cm.
440 0 _aMaterials in action series
_913706
500 _a"This text forms part of an Open University course"--T.p. verso.
504 _aIncludes bibliographical references and indexes.
650 0 _aElectronics
_xMaterials.
_98103
700 1 _aBraithwaite, Nicholas
_q(Nicholas St. J.)
_913707
700 1 _aWeaver, Graham
_q(Graham H.)
_913708
710 2 _aOpen University.
_92170
906 _a7
_bcbc
_corignew
_d1
_eocip
_f19
_gy-gencatlg
942 _2ddc
_cO_SHELF